La Catalogne dans l'Espagne moderne : recherches sur les fondements économiques des structures natinales
Αποθηκεύτηκε σε:
| Κύριος συγγραφέας: | |
|---|---|
| Μορφή: | Βιβλίο |
| Γλώσσα: | French |
| Δημοσίευση: |
Paris :
Le Sycomore,
1982.
|
| Θέματα: | |
| Ετικέτες: |
Προσθήκη ετικέτας
Δεν υπάρχουν, Καταχωρήστε ετικέτα πρώτοι!
|
MARC
| LEADER | 00000cam a2200000 i 4500 | ||
|---|---|---|---|
| 001 | 1/108 | ||
| 008 | 950629s1982 fr | ||| |||| ||fre|| | ||
| 020 | |a 2713208084 | ||
| 035 | |l 10013961 | ||
| 040 | |a GR-MyUa |b gre |e AACR2 | ||
| 041 | 0 | |a fre | |
| 082 | 7 | |a 330.9467082 |2 (22) | |
| 100 | 1 | |a Vilar, Pierre, |d 1906-2003. | |
| 245 | 1 | 3 | |a La Catalogne dans l'Espagne moderne : |b recherches sur les fondements économiques des structures natinales / |c Pierre Vilar. |
| 260 | |a Paris : |b Le Sycomore, |c 1982. | ||
| 300 | |a 3 τ. : |b εικ. ; |c 22 εκ. | ||
| 505 | 8 | |a Τ. 1. Le milieu geographique et historique -- τ. 2. Les transformations agraires τ. 3. La formation du capital commercial. | |
| 651 | 0 | |a Catalonia (Spain) |x Economic conditions. | |
| 651 | 0 | |a Catalonia (Spain) |x Social conditions. | |
| 651 | 0 | |a Catalonia (Spain) |x History. | |
| 852 | |a INST |b LESVOS |e 19980923 |h 330.9467082 VIL |p 005100008253 |q 005100008253 |t BK |y 0 |z v.1. | ||
| 852 | |a INST |b LESVOS |e 19980923 |h 330.9467082 VIL |p 005100008254 |q 005100008254 |t BK |y 0 |z v.2. | ||
| 852 | |a INST |b LESVOS |e 19950629 |h 330.9467082 VIL |p 005100008255 |q 005100008255 |t BK |y 0 |z v.3 | ||
| 852 | |a INST |b LESVOS |e 19980923 |h 330.9467082 VIL |p 005100008253 |q 005100008253 |t BK |v τ.1.: |y 0 |z v.1. | ||
| 852 | |a INST |b LESVOS |e 19980923 |h 330.9467082 VIL |p 005100008254 |q 005100008254 |t BK |v τ.2.: |y 0 |z v.2. | ||
| 852 | |a INST |b LESVOS |e 19950629 |h 330.9467082 VIL |p 005100008255 |q 005100008255 |t BK |v τ.3: |y 0 |z v.3 | ||
| 853 | |a INST |b LESVOS |h 330.9467082 VIL | ||